Nalaganje...

Shakespeare's dramatic art: collected essays/

Bibliografske podrobnosti
Glavni avtor: Wolfgang Cleman
Format: Printed Book
Izdano: London: Methuen & Co., 2014.
Teme:
LEADER 00638nam a22001817a 4500
020 |a 9780415758949 
082 |a 822.33  |b WOL/S 
100 |a Wolfgang Cleman  |9 16215 
245 |a Shakespeare's dramatic art:  |b collected essays/  |c by Wolfgang Cleman. 
260 |a London:  |b Methuen & Co.,  |c 2014. 
300 |a 136p. 
650 |a Drama Shakespeare Study  |9 16216 
650 |a Drama English  |9 16217 
650 |a Literature English  |9 16218 
650 |a Literature  |9 16219 
942 |c BK 
999 |c 65044  |d 65044 
952 |0 0  |1 0  |4 0  |6 822_330000000000000_WOL_S  |7 0  |9 86677  |a SSUS  |b SSUS  |c STACKS  |d 2017-05-16  |g 2613.00  |o 822.33 WOL/S  |p 084571  |r 2017-05-16  |w 2017-05-16  |y BK